000 00741cam a2200229 4500
001 A272
008 090401t1990 xxu||||| |||| 00| 0 eng d
035 _a(Sirsi) u95342
041 _aeng
110 _aRoyal Institution of Chartered Surveyors
_94900
245 _aPrivate bills and new procedures
260 _bRICS
_c1990
300 _a7p
350 _a0
490 _aRICS Memorandum
_vGCPPA/Report(90)26
520 _aSummary of the RICS opinion that there is a need to amend the existing Parliamentary procedures for sanctioning infrastructure projects.
650 _aPARLIAMENTARY PROCEDURE
650 _aPRIVATE BILLS
690 _aMANAGEMENT-BUSINESS MANAGEMENT-PROFESSIONAL PRACTICE
942 _n0
948 _c04/03/1997
999 _c98433
_d98433